000 00355 a2200109 4500
001 ART_11021
005 20260410161849.0
008 260409a
245 1 0 _aLa inversión en el proceso de crecimiento económico argentino, 1950-1980
100 1 _aMontuschi, Luisa
773 0 _tEconómica
_g- Año XXXIV,Nº 1 (ene./jun.1988)
_wREV7541
999 _c24864
_d24864